000 00666nam a22001937a 4500
005 20100805142024.0
010 _aENG-98253
020 _a9788190804387
_c100.00
035 _aEN-81786
037 _bDBAD/PUB
082 _a512.0712
100 _aSanthi,V.
_97095
245 _aAlgebra and mensuration /
_cby V.Santhi
260 _aTamilnadu
_bBrain Touch Publications
_c2008
270 _aSJK Nagar,Golf Link Road ,Finger Post
_bOoty
_e643002
300 _a117p.
_c29cm (pbk)
942 _2ddc
_cEN
_h512.0712
_mSAN
999 _c39470
_d39470